[Event "CZE-chT1E 1819"]
[Site "Czech Republic"]
[Date "2018.10.21"]
[Round "1.5"]
[White "Gloser, David"]
[Black "Jonas, Vlastimil"]
[Result "0-1"]
[WhiteElo "1940"]
[BlackElo "2100"]
[PlyCount "70"]
[EventDate "2018.10.21"]
[EventType "team-tourn"]
[EventRounds "11"]
[EventCountry "CZE"]
[SourceTitle "CBM 187 Extra"]
[Source "ChessBase"]
[SourceDate "2018.11.04"]
[SourceVersion "1"]
[SourceVersionDate "2018.11.04"]
[SourceQuality "1"]
[WhiteTeam "Polabiny III"]
[BlackTeam "Rychnov nad Kneznou"]
[WhiteTeamCountry "CZE"]
[BlackTeamCountry "CZE"]

1. e4 c6 2. d4 d5 3. e5 c5 4. c3 Nc6 5. Nf3 Bg4 6. Be2 e6 7. Be3 Qb6 8. Qd2 Bxf3 9. Bxf3 cxd4 10. Bxd4 Nxd4 11. cxd4 Ne7 12. 0-0 Nc6 13. Rd1 Be7 14. Nc3 0-0 15. Rac1 Rac8 16. Be2 a6 17. a3 Qa7 18. Bg4 b5 19. Na2 Qb6 20. Rc3 Na5 21. Rh3 Rc7 22. Qd3 h6 23. b4 Nc4 24. Rb1 Bg5 25. Bd1 Rfc8 26. g3 Nd2 27. Rb2 Ne4 28. Bb3 Nc3 29. f4 Be7 30. f5 Bg5 31. fxe6 Qxe6 32. Kg2 Nxa2 33. Rxa2 Rc3 34. Qd1 Qf5 35. Re2 Qf3+ 0-1

[Event "CZE-chT2D 0910"]
[Site "Czech Republic"]
[Date "2010.04.18"]
[Round "11.7"]
[White "Med, Ladislav"]
[Black "Jonas, Vlastimil"]
[Result "1/2-1/2"]
[WhiteElo "1849"]
[BlackElo "2105"]
[PlyCount "41"]
[EventDate "2009.10.18"]
[EventType "team-tourn"]
[EventRounds "11"]
[EventCountry "CZE"]
[SourceTitle "EXT 2012"]
[Source "ChessBase"]
[SourceDate "2011.11.24"]
[SourceVersion "1"]
[SourceVersionDate "2011.11.24"]
[SourceQuality "1"]
[WhiteTeam "Pelhrimov"]
[BlackTeam "Rychnov nad Kneznou"]
[WhiteTeamCountry "CZE"]
[BlackTeamCountry "CZE"]

1. d4 d5 2. c4 e6 3. Nc3 c5 4. Nf3 Nc6 5. e3 Nf6 6. a3 a6 7. dxc5 Bxc5 8. b4 Ba7 9. c5 0-0 10. Bd3 e5 11. e4 dxe4 12. Nxe4 Nxe4 13. Bxe4 Qxd1+ 14. Kxd1 Rd8+ 15. Kc2 Nd4+ 16. Nxd4 Rxd4 17. Rd1 Rxd1 18. Kxd1 Rb8 19. Be3 Be6 20. g3 f5 21. Bg2 1/2-1/2

[Event "CZE-chT2c 0506"]
[Site "Czech Republic"]
[Date "2006.03.12"]
[Round "9.7"]
[White "Dlabek, Emil"]
[Black "Jonas, Vlastimil"]
[Result "1-0"]
[WhiteElo "2187"]
[BlackElo "2055"]
[PlyCount "77"]
[EventDate "2005.10.16"]
[EventType "team-tourn"]
[EventRounds "11"]
[EventCountry "CZE"]
[SourceTitle "EXT 2009"]
[Source "ChessBase"]
[SourceDate "2008.11.26"]
[SourceVersion "1"]
[SourceVersionDate "2008.11.26"]
[SourceQuality "1"]
[WhiteTeam "Vrsovice"]
[BlackTeam "Rychnov nad Kneznou"]
[WhiteTeamCountry "CZE"]
[BlackTeamCountry "CZE"]

1. d4 d5 2. Nf3 Nc6 3. c4 Bg4 4. cxd5 Bxf3 5. dxc6 Bxc6 6. Nc3 e6 7. Qd3 Bb4 8. Bf4 Nf6 9. f3 Nd5 10. Bd2 Qh4+ 11. g3 Qf6 12. e4 Ne7 13. Bg2 Rd8 14. Be3 0-0 15. 0-0 Bc5 16. Rad1 Bb6 17. Kh1 Ng6 18. f4 Ne7 19. b4 a6 20. a4 Qg6 21. b5 axb5 22. axb5 Bd7 23. Qc4 c6 24. Qb4 Nc8 25. Bg1 cxb5 26. Nxb5 Bc6 27. Nc3 f5 28. d5 exd5 29. Bxb6 Nxb6 30. Qxb6 fxe4 31. Bxe4 Qe6 32. Bg2 Rd7 33. Qd4 Rc8 34. Rd3 b5 35. Nd1 Qf6 36. Nc3 Qxd4 37. Rxd4 Rcd8 38. Rb1 Rc8 39. Bh3 1-0

[Event "Hradec Kralove Region-chT 0506"]
[Site "Czech Republic"]
[Date "2005.12.11"]
[Round "4.3"]
[White "Volf, Michal"]
[Black "Jonas, Vlastimil"]
[Result "0-1"]
[WhiteElo "1644"]
[BlackElo "2055"]
[PlyCount "78"]
[EventDate "2005.10.23"]
[EventType "team-tourn"]
[EventRounds "11"]
[EventCountry "CZE"]
[SourceTitle "EXT 2024"]
[Source "ChessBase"]
[SourceDate "2023.10.10"]
[SourceVersion "1"]
[SourceVersionDate "2023.10.10"]
[SourceQuality "1"]
[WhiteTeam "Lipa III"]
[BlackTeam "Rychnov nad Kneznou"]
[WhiteTeamCountry "CZE"]
[BlackTeamCountry "CZE"]

1. e4 e6 2. d4 d5 3. Nc3 Nf6 4. Bd3 Bb4 5. e5 Nfd7 6. Qg4 Kf8 7. Nf3 c5 8. Be3 Nc6 9. 0-0 cxd4 10. Bxd4 Nxd4 11. Qxd4 Bc5 12. Qf4 Kg8 13. Ng5 Qe7 14. a3 h6 15. Nf3 a6 16. Rfe1 b5 17. b4 Bb6 18. Ne2 Bb7 19. Ned4 Bc7 20. Rad1 Nb6 21. Nb3 Nc4 22. Bxc4 dxc4 23. Nc5 Bd5 24. h4 Kh7 25. Qg4 Rhd8 26. Nd4 a5 27. f4 Bb6 28. Ne4 axb4 29. Kh1 Bxe4 30. Rxe4 Rxd4 31. Rexd4 Bxd4 32. Rxd4 bxa3 33. Rd1 a2 34. Ra1 Qb4 35. Qd1 Qc3 36. Kh2 b4 37. g3 b3 38. cxb3 cxb3 39. Qe2 Qc2 0-1

[Event "Hradec Kralove Region-chT 0506"]
[Site "Czech Republic"]
[Date "2005.11.13"]
[Round "2.2"]
[White "Urban, Zdenek"]
[Black "Jonas, Vlastimil"]
[Result "1-0"]
[WhiteElo "2122"]
[BlackElo "2055"]
[PlyCount "139"]
[EventDate "2005.10.23"]
[EventType "team-tourn"]
[EventRounds "11"]
[EventCountry "CZE"]
[SourceTitle "EXT 2024"]
[Source "ChessBase"]
[SourceDate "2023.10.10"]
[SourceVersion "1"]
[SourceVersionDate "2023.10.10"]
[SourceQuality "1"]
[WhiteTeam "Jicin"]
[BlackTeam "Rychnov nad Kneznou"]
[WhiteTeamCountry "CZE"]
[BlackTeamCountry "CZE"]

1. e4 d5 2. exd5 Qxd5 3. Nc3 Qd6 4. d4 Nf6 5. Nf3 a6 6. Ne5 Nc6 7. Nxc6 Qxc6 8. a4 Qd6 9. Bc4 g6 10. Be3 Bg7 11. f3 0-0 12. 0-0 e6 13. Qd2 Nd5 14. Ne4 Qb4 15. Qxb4 Nxb4 16. Bb3 Nd5 17. Bf2 Rd8 18. Rad1 b6 19. Rfe1 Bb7 20. Bh4 Rd7 21. c4 Nf4 22. Nf6+ Bxf6 23. Bxf6 Nh5 24. Bg5 Kg7 25. Kf2 h6 26. Bd2 Kh7 27. g4 Ng7 28. Bc3 Rad8 29. d5 exd5 30. cxd5 Bxd5 31. Bxd5 Rxd5 32. Rxd5 Rxd5 33. Re7 Kg8 34. Rxc7 Rd6 35. Rc8+ Kh7 36. Rf8 Rd7 37. h4 b5 38. a5 Re7 39. Bf6 Rc7 40. Ke3 h5 41. Ra8 hxg4 42. fxg4 Rc6 43. g5 Re6+ 44. Kd4 Ne8 45. Be5 f6 46. gxf6 Nxf6 47. Rf8 Rxe5 48. Rf7+ Kg8 49. Rxf6 Rh5 50. Rxg6+ Kf7 51. Rxa6 Ke7 52. Rb6 Kd7 53. Rg6 Rxh4+ 54. Kc5 b4 55. a6 Kc7 56. b3 Rf4 57. Kb5 Rh4 58. Ka5 Rh5+ 59. Kxb4 Rh4+ 60. Kb5 Rh5+ 61. Ka4 Kb8 62. b4 Ka7 63. b5 Rh1 64. Rg7+ Ka8 65. b6 Rh4+ 66. Kb5 Rh8 67. Re7 Rh5+ 68. Kc6 Rh6+ 69. Kc7 Rh8 70. Kd7 1-0